Statystyki dla Popularne samochody w Polsce A-Z

Kliknij tutaj aby rozwiązać quiz!

Ogólne statystyki

  • Ten quiz został rozwiązany 4 089 razy
  • Średni wynik to 13 z 24

Statystyki odpowiedzi

HintOdpowiedź% Poprawnych
AAudi
92%
BBmw
91%
OOpel
84%
CCitroen
81%
FFiat
80%
DDacia
75%
VVolks Wagen
73%
MMercedes
71%
HHyundai
67%
NNissan
63%
KKia
60%
SSkoda
60%
ŁŁada
57%
TToyota
57%
PPeugeot
54%
RRenault
51%
JJeep
43%
LLexus
38%
IInfiniti
21%
UUaz
17%
GGMC
16%
EEagle
12%
WWartburg
11%
ZZił
6%

Rozkład punktacji

Percentyl według liczby udzielonych odpowiedzi

Procent ludzi z każdym wynikiem

Twoja historia wyników

Nie rozwiązałeś tego quizu